000
00205 a2200097 4500
001
53342
100
_a
Schuon, F
245
_a
Understantinin Islam
260
_a
India
_b
Vikas Pub
_c
090
_c
33590
_d
33590
942
_a
NUST-CAE
_c
_c
26214
999
_c
288415
_d
288415